000 00908nam a2200289 i 4500
003 DO-SdBNP
005 20251106101643.0
007 ta
008 960425s201? sp e 000 1 spa
020 _a9789945464009
040 _aDO-SdBNP
_bspa
_cBNPHU
_erda
041 _aspa
082 4 _a823.8
_bW671f
_222
100 1 _aWilde, Oscar,
_d1854-1900.
_eautor
_4aut.
_913294
245 1 3 _aEl fantasma de Canterville :
_by otros cuentos /
_cOscar Wilde ; tradución, Pedro Lama
264 1 _aSanto Domingo :
_bFundación Diario Libre,
_c201?.
300 _a124 paginas. ;
_c22 cm.
336 _atexto
_btxt
_2rdacontent
337 _asin mediación
_bn
_2rdamedia
338 _avolumen
_bnc
_2rdacarrier
590 _aInventariado, 2025/BT
650 4 _aNovela inglesa
_91071
650 4 _aLiteratura inglesa
_9498
700 1 _aLama, Pedro,
_etraductor
_4tr.
_912818
910 _aBtavárez
942 _2ddc
_cLBS1
999 _c60020
_d60020